[Event "St Petersburg-ch"]
[Site "St Petersburg"]
[Date "1997.??.??"]
[Round "4"]
[White "Svidler, Peter"]
[Black "Loginov, Valery A"]
[Result "1-0"]
[WhiteElo "2640"]
[BlackElo "2555"]
[Annotator "Nor,I"]
[PlyCount "81"]
[EventDate "1997.03.04"]
[EventType "swiss"]
[EventRounds "9"]
[EventCountry "RUS"]
[SourceTitle "CBM 058"]
[Source "ChessBase"]
[SourceDate "1997.06.01"]
[SourceVersion "1"]
[SourceVersionDate "1997.06.01"]
[SourceQuality "1"]

1. e4 c5 2. Nf3 d6 3. d4 cxd4 4. Nxd4 Nf6 5. Nc3 a6 6. Be2 e5 7. Nb3 Be7 8. O-O
O-O 9. Be3 Be6 10. Nd5 Nbd7 $5 (10... Nxd5 $5 11. exd5 Bf5 12. Qd2 a5 (12...
Nd7 13. Na5 $1 Qc7 14. c4 Rac8 15. b4 $16 {Browne}) 13. a4 $6 Nd7 14. Bb5 Qc7
15. f3 Nf6 16. Rac1 Bd7 $1 17. c4 b6 18. Qf2 Rab8 19. Nd2 Bc8 $1 20. Nb1 Nd7
$10 {Adla-Rodriguez,Am/Mondariz/1994/}) (10... Nxe4 $2 11. Bb6 Qd7 12. Nc7) 11.
Qd3 Bxd5 (11... Rc8 12. c4 Ne8 $5 13. Qd2 b6 14. Rac1 a5 15. a4 $6 Nc5 16. Nxc5
dxc5 17. f4 Bxd5 18. cxd5 Bf6 19. f5 Nd6 20. Bd3 c4 21. Bb1 b5 $13 {0-1
Conquest,S-Gallagher,J/Hastings Masters 1990}) 12. exd5 {It is a critical
position for the variation.In my subjective opinion,it is very hard for white
to get something.The knight on b3 is standing very bad, therefore it is very
hard to push the pawns on queen's flank.But even if white will suceed in doing
it-it is not enough!In order to win, white should have an advantage on both
flanks and this is not easy.} a5 (12... Re8 $5 13. c4 Bf8 14. Rac1 g6 15. Rfd1
b6 16. Nd2 a5 17. b3 Bg7 18. a3 Qe7 19. Qb1 Qf8 20. b4 Bh6 21. Qb3 Bxe3 22.
Qxe3 axb4 23. axb4 Ra4 24. Ra1 Rea8 25. Qc3 Qh6 $15 {Kudrin-Ljubojevic, New
York 1985}) (12... Qb8 13. a4 Nc5 14. Bxc5 dxc5 15. Nd2 $13 {0-1 Wach,M-Hoelzl,
F/AUT-chT 1995}) (12... Qc7 $6 13. c4 g6 (13... Rfe8 $5) 14. Nd2 $1 a5 (14...
Nc5 15. Qc2 a5 16. b3 $14 {/\ a3, b4}) 15. b3 {+/=}) (12... Nc5 $5 {Browne} 13.
Nxc5 dxc5 14. Rfd1 e4 15. Qd2 Bd6 16. a4 $6 (16. Bf4 $142) 16... Qc7 17. g3
Rae8 $36 18. a5 Nd7 19. Bf4 Ne5 20. c4 f5 21. Rac1 h6 22. h4 Ng6 23. Bxd6 Qxd6
24. b4 e3 25. Qe1 f4 $17 {0-1 King-Browne/Reykjavik/SW, 1990}) 13. c4 a4 $6
$146 {The novelty is helping white to make an order in his lines.I think that
Browne's idea on 12-th move is giving the best chanses for black in this
variation.} (13... b6 $142 14. f4 Ne8 15. Kh1 exf4 16. Bxf4 Nc5 17. Qd2 {
0.5:0.5 Ye Jiangchuan-Nunn,Luzern 1985}) 14. Nd2 Nc5 15. Qc2 Qa5 $6 (15... b5
$142 16. cxb5 (16. f4 exf4 17. Rxf4 b4 $1 18. Raf1 Nfd7 $132) 16... Nxd5 17.
Bxc5 dxc5 18. Nc4 (18. Rad1 Nb4 19. Qb1 Qc7 20. Nc4 Rad8 21. Bf3 $14) 18... Bf6
(18... f6 19. Rfd1 Nb4 (19... Ra7 20. Qe4 Rd7 21. Bg4 $18) 20. Qe4 Qe8 21. a3
$18) 19. Rfd1 e4 $8 (19... Nb4 20. Qe4 Qe8 21. a3 $18) 20. Qxe4 Re8 21. Qc2 (
21. Qxd5 Qxd5 22. Rxd5 Rxe2 $44) 21... Bd4 (21... Nb4 22. Rxd8 Nxc2 23. Rxa8
Rxa8 24. Rc1 Nd4 25. Bd3 Rd8 26. b6 $16) 22. Bf3 Nb4 23. Qf5 Rb8 24. a3 g6 25.
Qb1 Nd5 26. Qc2 $14) 16. Nb1 $1 $14 {Now white is better,but yet it is not
enough.} Bd8 {Black thinks that positionaly he can't loose.Maybe he is right,
but his defense is not easy.After 15...b5 or 16...b5 black would have more
chanses than now.} (16... b5 $142 17. Na3 (17. Bxc5 $6 dxc5 18. Qf5 Rad8 $1 19.
Qxe5 Bd6 20. Qc3 (20. Qf5 Rfe8 $36) 20... b4 21. Qc2 Qc7 22. Qxa4 Bxh2+ 23. Kh1
Qf4 $40) 17... b4 (17... bxc4 18. Nxc4 Qb4 (18... Qc7 19. Rfd1 Rfc8 20. Rac1
Rab8 $14) 19. a3 Qb3 20. Qxb3 Nxb3 21. Rad1 Nd7 22. f4 e4 23. f5 Ndc5 24. Bf4
Rfd8 25. Rfe1 $14) 18. Nb5 Rfc8 19. Qf5 g6 (19... Nfe4 20. f4) 20. Qh3 $14) 17.
Nc3 Bb6 18. Bg5 $6 {I think it was better to start with Bd2.} (18. Bd2 $1 Ba7 (
18... Qa7 19. Bg5 Ncd7 20. Nb5 Qb8 21. b4 $1 $16) 19. Bg5 Ncd7 20. Kh1 (20.
Nxa4 Qxa4 21. Qxa4 Bxf2+ 22. Rxf2 Rxa4 23. b3 Ra5 $13) (20. Nb5 $5) 20... Rfc8
21. b4 $5 Qxb4 22. Rab1 Qa5 23. Rxb7 Bd4 24. Nb5 Nc5 25. Nxd4 $1 Nxb7 26. Nc6
Qc7 27. Qf5 $1 $36) 18... Ncd7 19. Bd2 Rfc8 20. Kh1 Bd4 21. Rac1 a3 $4 {
For a high level-players as those two are-a very serious mistake.Now white has
no weakness and can play without looking back.I can't even guess what had
black missed!} (21... Nc5 22. f4 (22. Nb5 Qb6 23. Nxd4 exd4 24. Bf4 Re8 $13)
22... Qb6 23. fxe5 Bxe5 24. Rce1 Re8 $132) 22. b3 Qc5 23. Qf5 $1 $16 {Maybe
black didn't see a defence from two threats:B:f2 and B:c3 with b5. Now white
feels much better!} g6 24. Qh3 Re8 25. Qh4 $1 e4 26. Rcd1 {Althout 26.Bg5 is a
good move,white doesn't have to hurry-he is going to win.} (26. Bg5 $5 e3 $140
27. b4 Qb6 28. fxe3 Bxe3 29. Bxf6 Nxf6 30. Qxf6 Bxc1 31. Rxc1 $18) 26... h5 (
26... e3 27. fxe3 Bxc3 28. Bxc3 Qxe3 29. Bd3 $18) 27. Nb5 Be5 28. Qh3 {After
28.b4 with an idea of Bc1 [28...Qb6 29.Be3] white could win the pawn on a3,but
it is not enough for him!} Kg7 {Black can do nothing.} 29. Be3 Qc8 30. b4 Rh8
$6 31. Bd4 $18 Qf8 32. Bxe5 Nxe5 33. Qc3 $1 Qe7 34. Rd2 b6 (34... Ra4 35. c5
dxc5 36. bxc5 Rd8 37. Rfd1 $18) (34... Rhc8 35. Nxa3 $18) 35. c5 bxc5 36. bxc5
Nfg4 {It won't be long.} (36... Ne8 $142) 37. Nxd6 Kg8 38. Nxe4 Ra4 (38... Nxh2
39. Kxh2 Qh4+ 40. Kg1 Qxe4 (40... Ng4 41. Qh3) 41. c6 $18) 39. Rd4 Qh4 40. h3
Rxd4 41. Qxd4 1-0

[Event "RUS-Cup6"]
[Site "Krasnodar"]
[Date "1997.??.??"]
[Round "4"]
[White "Dolmatov, Sergey"]
[Black "Maiorov, Oleg Ivanovich"]
[Result "1-0"]
[WhiteElo "2560"]
[BlackElo "2435"]
[Annotator "Nor,I"]
[PlyCount "123"]
[EventDate "1997.03.11"]
[EventType "swiss"]
[EventRounds "9"]
[EventCountry "RUS"]
[SourceTitle "EXT 2000"]
[Source "ChessBase"]
[SourceDate "1999.11.16"]
[SourceVersion "1"]
[SourceVersionDate "1999.11.16"]
[SourceQuality "1"]

1. e4 {Gershon} c5 2. Nf3 d6 3. d4 cxd4 4. Nxd4 Nf6 5. Nc3 a6 6. Be2 e5 7. Nb3
Be7 8. O-O O-O 9. Kh1 Be6 $6 10. f4 Qc7 11. f5 {Interesting that in game
against Lin Weiguo [1993] Dolmatov played 11.Nd5 and won.He wrote there that
this move is "!",and 11.f5 is "?!". Today the "decorations" are different!I
think that black should play Be6 after a4-this way he gets a regular position,
in wich he is O.K.Here white will stand better and 11.f5 is suitable move for
it.} (11. Qd3 $5 b5 12. Qg3 Kh8 13. a3 Nbd7 14. fxe5 dxe5 15. Nd4 Nc5 16. Nf5
Bxf5 17. exf5 Bd6 18. Qh4 e4 19. g4 Be5 20. g5 Bxc3 21. bxc3 Nd5 22. c4 bxc4
23. Bxc4 Qe5 24. Bb2 Qxb2 25. Bxd5 Ra7 26. Bxf7 Raxf7 27. g6 h6 28. gxf7 Qb7
29. Rab1 Qd5 30. c4 Qxc4 31. Qe7 Rxf7 32. Qe8+ Kh7 33. Rbc1 {1-0 Diaz,
J-Pigusov,E/Santa Clara 1991}) (11. Nd5 $1 {Dolmatov} Bxd5 12. exd5 Nbd7 13. c4
Ne4 14. Be3 Rae8 15. Qc2 Nec5 16. f5 $16 {1-0 Dolmatov,S-Lin Weiguo/WchT
Luzern 1993}) 11... Bc4 12. Bg5 {Interesting 12.g4 was played in game
Fiorito-Ricardi [1997] cbm58} (12. Be3 $6 b5 13. Bxc4 Qxc4 14. Nd2 Qc6 15. Bg5
Nbd7 16. Ne2 $2 d5 17. exd5 $2 Nxd5 18. Bxe7 Ne3 19. Nf3 Nxd1 20. Bxf8 Ne3 21.
Bb4 Nxf1 {0-1 Schroeder,B-Csolto,R/EU-chJM U18 Rimavska Sobota 1996}) (12. g4
$5 $146) 12... Nbd7 13. a4 Rfc8 $5 14. a5 $5 (14. Nd2 Bxe2 15. Qxe2 b5 16. axb5
axb5 17. Rxa8 Rxa8 18. Qxb5 (18. Rc1 $6 b4 19. Nb5 Qb6 20. c4 $6 bxc3 21. bxc3
Nc5 22. c4 h6 23. Bxf6 Bxf6 24. Nf3 Nb3 25. Rd1 Nd4 26. Qd3 Qc5 27. Rb1 Ra4 28.
Nfxd4 exd4 29. Nxd4 {0-1 Madsen,P-Nordahl,H/Skei-B 1995}) 18... Qa7 19. b3 $6
Ng4 $1 20. Bxe7 Nf2+ 21. Rxf2 Qxf2 22. h3 Qxd2 23. Na4 $2 Qxc2 $2 (23... Nc5 $1
) 24. Qxd7 Qxb3 25. Qxd6 Qb1+ 26. Kh2 Qxe4 27. f6 Qf4+ 28. Kh1 h5 $19 {1-0
Hlgatian,G-Dworakowska,J/Erevan olw 1996 (40)}) (14. Rf3 Bxe2 15. Qxe2 Qc4 16.
Qxc4 Rxc4 {1/2-1/2 Moiseev,V-Isupov,V/Kemerovo 1991}) 14... b5 $2 (14... Qd8
$142 15. Nd2 Bxe2 16. Qxe2 Rc5 17. Bxf6 Nxf6 18. Nc4 Rac8 19. Nb6 R8c6 20. Qd3
Rxa5 21. Rxa5 Qxb6 22. Ra2 Qb4 23. h3 h6 24. Rd1 Bd8 25. Nd5 Nxd5 26. Qxd5 Bg5
27. Qd3 h5 28. g3 h4 29. gxh4 Bxh4 30. Rd2 Bg5 31. Re2 Bf4 32. c3 $14 {... 1/
2-1/2 Kuczynski,R-Gutman,L/BL2-O 1996}) 15. axb6 Qxb6 16. Bxc4 Rxc4 17. Qd3 {
By 17.Nd5! white could have almost wining position.Now it will be a little
more complicated.But the most interesting thing is that if white plays now 17.
B:f6?!,then after 17...N:f6 he will get a very fashionable ,20-30 years ago,
position,in which the bishop goes to e3 and takes the knight on b6!Although,
Dolmatov, without any doubt, understands this he couldn't believe that this
little change changes the position so drastically.} (17. Nd5 $1 Qd8 (17... Nxd5
$2 18. Qxd5 $18) 18. Na5 Rcc8 (18... Rd4 19. Nxe7+ Qxe7 20. Nc6 $18) 19. Nb7
Qe8 20. Bxf6 Nxf6 21. Nxf6+ gxf6 22. Nxd6 Bxd6 23. Qxd6 Rxc2 24. Qxf6 $16)
17... Qc7 (17... Rc7 $5 18. Be3 Nc5 19. Nd5 Nxd5 (19... Qxb3 20. cxb3 Nxd3 21.
Nxc7 Rc8 22. Nd5 Nxd5 23. exd5 $16) (19... Nxd3 $2 20. Nxb6 Rxc2 21. Nxa8 Nxe4
22. Rxa6 $18) 20. Qxd5 Qb7 (20... Rb8 21. Rfd1 Bf6 22. Nxc5 dxc5 23. b3 $16)
21. Nxc5 Qxd5 22. exd5 dxc5 $14) 18. Be3 Qc8 19. Na5 $5 Rc7 (19... Rb4 20. b3
Bf8 $140 21. Nc4 Nc5 22. Bxc5 Qxc5 23. Ra5 Qc6 24. Nd5 Nxd5 25. Rxd5 $16) 20.
Ra4 {White already gets necessary weaknesses,so he starts to fight for the
queen flank!However,it seems too demonstrated!} Rb8 $5 (20... Nc5 $6 21. Bxc5
dxc5 22. Nc4 $16) 21. Nc4 Rxb2 $5 {Maybe not the best move of chess,but very
buty gesture!Black doesn't want to gasp,so he is trying to find some practical
chances.} 22. Nxb2 Rxc3 23. Rc4 Qxc4 $6 {Wrong decision.Black could get the
same position as in game,but with the queens.Now he still has some chances,but
not for too long!} (23... Rxc4 24. Nxc4 (24. Qxc4 $6 Qxc4 25. Nxc4 Nxe4 $13)
24... Qc6 25. Nd2 d5 26. exd5 Nxd5 $14) 24. Nxc4 Rxd3 25. cxd3 $16 {Now we get
a really interesting ending.Both sides has 50% to get the result he wants [win
for white;draw for black],so everything depends on players' level of game.
Black started well and almost got an advantage,but white finished even
better!Hard game!} d5 {Ohly chance!} 26. exd5 Nxd5 27. Rb1 Bb4 28. Bd2 Bf8 29.
Kg1 $6 {White doesn't have to hurry,but 29.Ra1! was better.} (29. Ra1 $1) 29...
f6 30. Kf2 h5 $5 (30... g6 $6 31. g4 (31. fxg6 $6 hxg6 $14) 31... gxf5 32. gxf5
h5 33. Ke2 $16) 31. Kg3 $5 Nc5 32. Ne3 (32. Ra1 $6 Ne7 33. Nd6 (33. Kh4 Nxf5+
34. Kxh5 Nxd3 35. Rxa6 $14 {but maybe not enough!}) 33... Nb3 34. Ra2 g6 35.
fxg6 Nxd2 36. Rxd2 Nxg6 $14 {but maybe also not enough!}) 32... Nf4 33. Kh4 (
33. Nc4 $5 Nfxd3 (33... Ncxd3 34. Bxf4 Nxf4 35. Rb6 $14) 34. Kh4 Ne4 $14) 33...
Nfxd3 34. Kxh5 Ne4 35. Ba5 Bc5 $6 (35... Nf4+ $142 36. Kg4 Bc5 37. Nc4 Kh7 $14
(37... Nxg2 $2 38. Kf3 $18)) 36. Nd5 Kh7 37. Bb6 $1 Bd4 $6 38. g3 $6 (38. Bxd4
$1 exd4 39. Rd1 Nef2 40. Rd2) 38... Ndf2 39. Bxd4 $2 {As I said-hard game!}
exd4 40. Nf4 $2 Nd6 $2 (40... d3 $1 41. Nd5 d2 42. Ne3 Nc3 43. Ra1 d1=Q+ 44.
Nxd1 Ncxd1 45. Rxa6 $15) 41. Rb2 $1 Nfe4 42. g4 {Now white gets a wining
position again.} Nb5 43. Ra2 $1 Nc5 44. Re2 $1 Nd6 45. Rc2 $1 $18 Nce4 46. Rc6
a5 47. Ra6 {Dolmatov doesn't leave to his partner any chances!} Nf7 48. Rxa5
Ne5 49. Rd5 Nf2 50. Rxd4 Nfxg4 51. Ng6 $1 Nh6 52. Rd8 Ng8 53. Nxe5 fxe5 54. Kg5
{Now it is simple.} Nf6 55. Ra8 Ne4+ 56. Kh4 Nd6 57. Kg4 Nf7 58. Ra7 Nh6+ 59.
Kg5 Ng8 60. Ra3 Nf6 61. Re3 e4 62. Ra3 1-0

[Event "RUS-Cup9"]
[Site "Novgorod"]
[Date "1997.??.??"]
[Round "4"]
[White "Dolmatov, Sergey"]
[Black "Doroshkievich, Vladimir K"]
[Result "1-0"]
[WhiteElo "2560"]
[BlackElo "2385"]
[Annotator "Nor,I"]
[PlyCount "92"]
[EventDate "1997.06.11"]
[EventType "swiss"]
[EventRounds "9"]
[EventCountry "RUS"]
[SourceTitle "CBM 060"]
[Source "ChessBase"]
[SourceDate "1997.09.29"]
[SourceVersion "1"]
[SourceVersionDate "1997.09.29"]
[SourceQuality "1"]

1. e4 {Gutman Gershon} c5 2. Nf3 d6 3. d4 cxd4 4. Nxd4 Nf6 5. Nc3 a6 6. Be2 e5
7. Nb3 Be7 8. O-O Be6 $6 9. f4 Qc7 10. f5 (10. Nd5 $5 {Gutman}) 10... Bc4 11.
Bg5 $5 (11. a4 Nbd7 12. Kh1 Rc8 13. a5 O-O 14. Bg5 h6 15. Be3 Rfe8 16. Bxc4
Qxc4 17. Ra4 Qc7 18. Rf2 Qb8 19. Qf3 Kh7 20. g4 Kg8 21. h4 d5 22. Nxd5 Nxd5 23.
exd5 b5 24. axb6 Nxb6 25. Rxa6 e4 26. Qh3 Nxd5 $13 {0-1 Bocksberger,S-Gutman,L/
GER-CupT 1991 (34)}) 11... Nbd7 12. a4 O-O $1 {That is not the first time
these players play this position.Last time [13...h6?!]was "hurting" for
Doroshkievich,but now he knows what to do.} (12... h6 $6 $146 13. Bxf6 Nxf6 14.
a5 O-O 15. Ra4 $1 b5 $2 16. axb6 Qxb6+ 17. Kh1 $16 {1-0 Dolmatov,
S-Doroshkievich,V/RUS-Cup7 1997 cbm59}) (12... Bxb3 $6 13. cxb3 d5 $2 14. exd5
Qc5+ 15. Kh1 Nxd5 16. Bxe7 Nxe7 17. Ne4 $18) 13. Bxc4 (13. a5 $5 Rfc8 14. Kh1
h6 (14... b5 15. axb6 Nxb6 16. Bxf6 Bxf6 17. Bxc4 Nxc4 18. Nd5 Qd8 19. Ra2 a5
20. Qd3 a4 $13 {Klovans,-Hoffmann, Biel 1994}) 15. Bxf6 Nxf6 16. Bxc4 Qxc4 17.
Qf3 Rc7 18. Nd2 Qb4 19. Rfb1 Rac8 20. Ra4 Qc5 21. Rba1 Bd8 22. Nf1 b5 23. axb6
Qxb6 24. R1a2 a5 25. h3 Rc4 26. Rxc4 Rxc4 27. Nd2 Rb4 28. Ra1 Qc6 29. b3 a4 30.
Rxa4 Rxa4 31. bxa4 Ba5 32. Nd5 Qxc2 33. Nxf6+ gxf6 34. Nf1 $15 {1/2-1/2 Oll,
L-Kasparov,G/Moscow olm 1994 (42)}) 13... Qxc4 14. a5 Rfc8 15. Ra4 (15. Rf2 h6
16. Bxf6 Nxf6 17. Ra4 Qc7 18. Rd2 b5 $1 $36 {0.5:0.5 Karpov-Gheorghiu, Moscow
1971}) 15... Qc6 16. Kh1 $2 {Dolmatov likes this plan and he has reasons for
this!The only "but" is that he had to play exactly [16.B:f6!] and now black
could get a pawn more with no real compensation for black.For some reasons
black didn't do this and the game continued like nothing happened!} (16. Qd2 $6
b5 $1 17. axb6 Nxb6 $13) (16. Bxf6 $1 Nxf6 17. Qd3 Bd8 {As in the game.} (17...
b5 18. axb6 Qxb6+ 19. Kh1 a5 $14 (19... Ng4 $6 20. Qe2 $16))) 16... Bd8 $2 (
16... Nxe4 $1 17. Rxe4 $8 (17. Nxe4 $2 Qxa4 $19) (17. Bxe7 $2 Nxc3 18. bxc3 (
18. Qg4 Qxa4 19. Qg5 Ne4 $19) 18... Qxa4 19. f6 (19. Qxd6 Rxc3 20. Rd1 Rac8 $1
$19) 19... g6 20. Qd2 Qh4 21. Qxd6 Qg4 22. Qd2 Rc6 $19) (17. Nd5 Bxg5 18. Rxe4
Qxc2 $19) 17... Bxg5 $17) (16... h6 $5 {Gutman} 17. Bxf6 Nxf6 {Gutman: kommt
stark in Frage.}) 17. Bxf6 $1 Nxf6 18. Qd3 $14 b5 {Without this move black
will die slowly in this position.Now white has a small advantage,but in order
to win he needs some black's assistence.} 19. axb6 Bxb6 20. h3 $1 {White
doesn't buy 20.R:a6? and continues to make an order in his lines.} (20. Rxa6 $2
Rxa6 21. Qxa6 Bd4 $1 22. Qxc6 Rxc6 23. Ra1 h5 $44) 20... a5 21. Rd1 Qe8 $6 {
It is an interesting plan of defense,but not the best one.A similar position
was in game Oll-Kasparov [1994] and black wasn't worse.Here Dolmatov's pieces
are better than Oll's,but still Kasparov's plan was stronger.} (21... Rab8 {
Gutman} 22. Qxd6 Qxd6 23. Rxd6 Bd4 {Gutman: verspricht keine ausreichende
Kompensation nach} 24. Nxd4 exd4 25. Raxd4 Ne8 26. R6d5 Rxb2 27. Rxa5 $1) 22.
Rda1 (22. Ra2 $5 {Gutman} a4 23. Nd2) 22... Qd8 23. Rd1 Qe8 24. Rda1 Qd8 25.
R4a2 Rc6 $6 {Dolmatov waited for this!} (25... Rab8 $5 {Gutman} 26. Rd1 $5 (26.
Nd2 Nh5 27. g3 Bd4) 26... Nh5 {Gutman: mit etwa gleichen Chancen.}) 26. Nd5 $5
Nxd5 27. exd5 Rcc8 28. Nd2 {I am really sorry for Doroshkevich!Last time he
lost to Dolmatov he did it in a similar position against a similar plan.There
he had one pawn less,therefore, it will take longer this time.} Qc7 29. c3 {
Gutman: mit besseren Spiel für Weiß,der Springer ist dem Läufer überlegen.}
Rab8 30. f6 $1 $16 g6 (30... gxf6 $2 31. Ne4 Qe7 (31... Kg7 32. Qg3+ Kh8 33.
Nxf6 $18) 32. Rf1 f5 33. Rxf5 Kh8 34. Rh5 $18) 31. Ne4 Qd8 32. Ra4 Qf8 33. Qd2
$1 {[%cal Gd2b2,Gd2h6]} Bc7 $6 34. Rc4 Rb6 {[%csl Rc6]} 35. Raa4 Bb8 36. Rxc8
Qxc8 37. Rxa5 $18 (37. Rc4 $4 Qxc4 38. Qh6 Qf1+ 39. Kh2 Qf4+ $19) 37... Qf5 38.
Qh6 Qf1+ 39. Kh2 Qf4+ 40. Qxf4 exf4 41. b4 h6 42. h4 g5 43. hxg5 Kh7 44. Kh3
hxg5 45. Kg4 Kg6 46. Nxg5 Kxf6 1-0

[Event "Yopal"]
[Site "Yopal"]
[Date "1997.06.27"]
[Round "7"]
[White "Zapata, Alonso"]
[Black "Milos, Gilberto"]
[Result "0-1"]
[WhiteElo "2515"]
[BlackElo "2605"]
[Annotator "Nor,I"]
[PlyCount "82"]
[EventDate "1997.06.20"]
[EventType "tourn"]
[EventRounds "9"]
[EventCountry "COL"]
[EventCategory "12"]
[SourceTitle "CBM 060"]
[Source "ChessBase"]
[SourceDate "1997.09.29"]
[SourceVersion "1"]
[SourceVersionDate "1997.09.29"]
[SourceQuality "1"]

1. e4 {Gershon} c5 2. Nf3 d6 3. d4 cxd4 4. Nxd4 Nf6 5. Nc3 a6 6. Be2 e5 7. Nf3
$6 {With all the respect,this variation should be played only in case of a
complite bore,because in other case it's very difficult to understand: why to
play it if white gets a position from Boleslavsky variation [in which black is
O.K.] with two tempis more for black!} h6 (7... Be7 8. Bg5 Nbd7 9. a4 O-O 10.
O-O h6 11. Bxf6 Nxf6 12. Bc4 Be6 13. Qd3 Rc8 14. Nd2 {Van der Wiel-Beliavsky,
Wijk aan Zee 1985} Qc7 15. Bxe6 fxe6 16. Qh3 Qd7 17. a5 Bd8 $10 {Beliavsky}) (
7... Qc7 $5) 8. O-O (8. Bc4 Be6 9. Bxe6 fxe6 10. Nh4 Nc6 11. Ng6 Rg8 12. O-O
Kf7 13. Nxf8 Rxf8 14. f4 Kg8 15. Be3 exf4 16. Rxf4 Qc7 17. Qe2 Ne5 $10 {
Van der Wiel-Portisch, Tilburg 1984}) 8... Be7 (8... Be6 9. Re1 Nbd7 10. Bf1
Be7 11. a4 b6 12. b3 O-O 13. Bb2 Qc7 14. h3 Rfc8 15. Qd2 Qb7 16. Rad1 Bf8 17.
g4 b5 18. Bg2 b4 19. Na2 a5 $36 {0-1 Zapata,A-Olafsson,H/Belgrade GMA 1988 (38)
}) 9. Re1 (9. h3 O-O 10. Nh2 $6 Be6 11. Ng4 Nbd7 12. Ne3 b5 13. Ncd5 Rc8 14.
Nxe7+ Qxe7 15. a4 b4 16. Nd5 Bxd5 17. exd5 Nc5 18. c3 bxc3 19. b4 c2 $5 20.
Qxc2 Ne6 21. Qa2 Nd4 22. Bxa6 Rc2 23. Bb2 Ne4 $40 {0-1 Grechkin,D-Lubensky,T/
Tbilisi URS sf 1949 (31)}) 9... O-O (9... Qc7 10. h3 b5 11. a4 b4 12. Nd5 Nxd5
13. exd5 O-O 14. Bd2 Qb7 15. a5 Bf5 $132 {1/2-1/2 Tringov,G-Misailovic,N/
JUG-chT2 1994 (37)}) 10. Bf1 Qc7 (10... Be6 $5 11. h3 (11. a4 b6 12. h3 Nbd7
13. Nd5 Nxd5 14. exd5 Bf5 15. b4 a5 16. c3 Qc7 17. Bb2 Nf6 $15 {1-0 Zapata,
A-Martin del Campo,R/Merida 1993 (59)}) 11... Nbd7 12. a4 Qc7 $6 (12... Rc8 $1)
13. g4 Rad8 14. Bg2 g5 15. a5 $13 {1-0 Garcia,G-Colias,B/USA op 1990 (43)}) 11.
a4 Be6 12. a5 Rc8 $1 $15 {[%csl Rc2][%cal Gc8c2]} (12... Nbd7 13. Nd5 Nxd5 14.
exd5 Bf5 15. c4 $13) 13. Be3 Nbd7 14. Ra4 $6 {The only play white has in those
positions is on the queen flank.But in this case better was to start thinking
about defense in order to equalize.} Nc5 15. Bxc5 Qxc5 16. Nd2 Ng4 $1 17. Qf3
Bg5 18. Nb3 Qc6 19. h3 Nf6 20. Rd1 Re8 $5 {Black starts rebuilding his
position.} (20... b5 $6 21. axb6 Qxb6 $142 $13 (21... Bxb3 $2 22. cxb3 Qxb6 23.
Bc4 a5 24. Nd5 Nxd5 25. Rxd5 $14)) 21. Rb4 Rad8 22. Rb6 Qc7 23. g3 h5 $1 {
I have to say that black knows how to play with initiative.} 24. Bg2 h4 25. g4
$6 {Another weakness.} g6 $17 26. Nc1 Nd7 27. Rb4 Nc5 28. Nb3 $2 (28. Nd5 Bxd5
29. exd5 Qxa5 $19) (28. Rb6 $142) 28... Bxb3 (28... Nxb3 29. cxb3 b5 $1 30. Nd5
Qxa5 31. Qc3 Qa2 $1 $19 (31... Bxd5 32. exd5 Rc8 $6 33. Rc4 (33. Qe1 Rc2 $19)
33... Qxc3 34. Rxc3 Rxc3 35. bxc3 Rc8 36. Ra1 Rxc3 37. Rxa6 Rxb3 38. Rxd6 Rb1+
39. Bf1 b4)) 29. cxb3 Qxa5 30. Rc4 (30. Nd5 b5 $1 {And the rook is in offside
again!}) 30... Nxb3 $19 31. Ra4 Qc5 32. Nd5 Nd4 33. Qd3 (33. Nf6+ Bxf6 34. Qxf6
Qc2 $19) 33... Rc8 34. Bf1 Qc2 35. Nb6 Rc6 36. Qxc2 Rxc2 37. Rb4 Bd2 $1 38. Ra4
(38. Rc4 Rxb2 39. Nd5 Kg7 $19) 38... Be3 39. Kh1 Rxf2 40. Nd5 Bg5 41. b4 Rc8 {
Milos made a classic game for Boleslavsky's position in sicilian defense!Very
impressive!} 0-1